| 000 | 00916nam a22002657a 4500 | ||
|---|---|---|---|
| 003 | EG-ScBUE | ||
| 005 | 20221213113507.0 | ||
| 008 | 100414s2009 ne ae f b 001 0 eng d | ||
| 020 | _a9781856176194 (pbk) | ||
| 020 | _a1856176193 (pbk.) | ||
| 040 |
_aEG-ScBUE _beng _erda _cEG-ScBUE _dEG-ScBUE |
||
| 082 | 0 | 4 |
_222 _a727.8 _bEDW |
| 100 | 1 |
_aEdwards, Brian, _b1944- _eauthor. _913491 |
|
| 245 | 1 | 0 |
_aLibraries and learning resource centres / _cBrian Edwards. |
| 250 | _aSecond edition. | ||
| 264 | 1 |
_aAmsterdam ; _aLondon : _bArchitectural Press, _c2009. |
|
| 300 |
_axiii, 270 pages : _billustrations (some color), plans ; _c28 cm |
||
| 500 | _aPrevious ed.: 2002. | ||
| 504 | _6Includes bibliographical references and index. | ||
| 650 | 7 |
_aLibrary architecture. _2BUEsh _913492 |
|
| 650 | 7 |
_aLibrary architecture _vCase studies. _2BUEsh _913493 |
|
| 653 | _bENGARC | ||
| 655 | _vReading book | ||
| 942 |
_2ddc _cBB |
||
| 999 |
_c13883 _d13883 |
||